Collected mathematical papers (Record no. 691293)

MARC details
000 -LEADER
fixed length control field 00617nam a2200217Ia 4500
003 - CONTROL NUMBER IDENTIFIER
control field OSt
005 - DATE AND TIME OF LATEST TRANSACTION
control field 20250609115816.0
008 - FIXED-LENGTH DATA ELEMENTS--GENERAL INFORMATION
fixed length control field 220926b |||||||| |||| 00| 0 eng d
037 ## - SOURCE OF ACQUISITION
Terms of availability Reference
040 ## - CATALOGING SOURCE
Original cataloging agency RTL
Transcribing agency RTL
Language of cataloging eng
041 ## - LANGUAGE CODE
Source of code eng
Language code of text/sound track or separate title eng
084 ## - COLON CLASSIFICATION NUMBER
Classification number BxM84 J0;2/SC
Assigning agency RTL
100 ## - MAIN ENTRY--PERSONAL NAME
Personal name Birkhoff, George david
9 (RLIN) 371051
245 #0 - TITLE STATEMENT
Title Collected mathematical papers
260 ## - PUBLICATION, DISTRIBUTION, ETC.
Place of publication, distribution, etc. New
Name of publisher, distributor, etc. York Dover Publications
Date of publication, distribution, etc. 1968
300 ## - PHYSICAL DESCRIPTION
Extent vii, 983 p
440 ## - SERIES STATEMENT/ADDED ENTRY--TITLE
Volume/sequential designation 2
650 ## - SUBJECT ADDED ENTRY--TOPICAL TERM
Topical term or geographic name entry element Mathematical science
9 (RLIN) 812113
942 ## - ADDED ENTRY ELEMENTS (KOHA)
Classification part BxM84, J0.2/SC
Koha item type Reference
Source of classification or shelving scheme Colon Classification (CC)
Suppress in OPAC No
Holdings
Withdrawn status Lost status Source of classification or shelving scheme Damaged status Not for loan Home library Current library Date acquired Total Checkouts Full call number Barcode Date last seen Price effective from Koha item type
    Colon Classification (CC)     Ratan Tata Library Ratan Tata Library 2022-09-27   BxM84 J0.2/SC RT1148462 2022-09-27 2022-09-27 Reference
Copyright @ Delhi University Library System